| 000 | 01259cam a2200217 a 4500 | ||
|---|---|---|---|
| 999 |
_c58106 _d58106 |
||
| 001 | 15549887 | ||
| 005 | 20210616130248.0 | ||
| 008 | 081209s2008 nyua b 001 0 eng | ||
| 020 | _a9780891288909 | ||
| 080 | _a376-056.2+617.7 P-91 | ||
| 100 | 1 |
_aPresley, Ike _d _912063 |
|
| 245 | 1 | 0 |
_aAssistive technology for students who are blind or visually impaired : _ba guide to assessment / _cIke Presley and Frances Mary D'Andrea. |
| 264 |
_aNew York, NY : _bAFB Press, _c2008. |
||
| 300 |
_a528 p. : _bill. ; _c29 cm. |
||
| 653 | _aმხედველობის შეზღუდული შესაძლებლობის მქონე პირები | ||
| 653 | _aЛюди с нарушениями зрения | ||
| 653 | _aკომპიუტერიზირებული თვითდახმარების მოწყობილობები შეზღუდული შესაძლებლობის მქონე პირთათვის | ||
| 653 | _aКомпьютеризированные устройства самопомощи для людей с ограниченными возможностями | ||
| 700 | 1 |
_aD'Andrea, Frances Mary, _d _eავტორი _912020 |
|
| 942 |
_2udc _cBK |
||